000
00339nam a2200133Ia 4500
008
240624s9999 xx 000 0 und d
041
_a
eng
082
_a
658.314 PLS
100
_a
PLSEK PAUL E
245
_a
CREATIVITY INNOVATION AND QUALITY
260
_c
2003
_a
New Delhi
_b
Prentice-Hall
300
_a
xi, : 316 : p. : cm. ; 22
365
_c
RS
999
_c
546
_d
546